[Event "World Youth Open U18 2016"]
[Site "Khanty-Mansiysk RUS"]
[Date "2016.10.01"]
[Round "9.16"]
[White "Erenberg, Ariel"]
[Black "Vergara Jofre, Felipe"]
[Result "1-0"]
[WhiteTitle "FM"]
[WhiteElo "2350"]
[BlackElo "2115"]
[WhiteFideId "2811634"]
[BlackFideId "3416291"]
[EventDate "2016.09.22"]

1. d4 Nf6 2. c4 e6 3. Nf3 Bb4+ 4. Nbd2 d6 5. Qc2 Nc6 6. e4 O-O 7. Bd3 e5 8. d5
Ne7 9. O-O a5 10. b3 Bc5 11. a3 Ng6 12. Rb1 Nh5 13. b4 Ba7 14. c5 Nhf4 15. Bb5
Bg4 16. h3 Bh5 17. Kh2 Nh4 18. Nxh4 Qxh4 19. Rb3 c6 20. dxc6 bxc6 21. Bxc6 Rac8
22. Bd7 Rc7 23. g3 Qf6 24. gxf4 Rxd7 25. c6 Qxf4+ 26. Kg2 Rc7 27. Nc4 Qf6 28. b5
a4 29. Rg3 Bg6 30. Ne3 Qe6 31. Qxa4 Bd4 32. f3 f5 33. exf5 Bxf5 34. Nxf5 Qxf5
35. Kh1 1-0

[Event "World Youth Open U18 2016"]
[Site "Khanty-Mansiysk RUS"]
[Date "2016.10.01"]
[Round "9.17"]
[White "Rajdeep, Sarkar"]
[Black "Yang, Ching Wei Austin"]
[Result "1/2-1/2"]
[WhiteTitle "FM"]
[BlackTitle "FM"]
[WhiteElo "2347"]
[BlackElo "1997"]
[WhiteFideId "25007963"]
[BlackFideId "16300440"]
[EventDate "2016.09.22"]

1. d4 Nf6 2. Nf3 e6 3. c4 Bb4+ 4. Bd2 Qe7 5. g3 Nc6 6. Bg2 Bxd2+ 7. Nbxd2 d6 8.
O-O O-O 9. e4 e5 10. d5 Nb8 11. Ne1 a5 12. Nd3 Na6 13. f4 c6 14. fxe5 dxe5 15.
Qe2 Nc5 16. Kh1 Bg4 17. Qe3 Nxd3 18. Qxd3 Nd7 19. Rfe1 Rfc8 20. Nf1 Qb4 21. Ne3
Nc5 22. Qc2 Bd7 23. Rad1 b5 24. dxc6 Bxc6 25. Nf5 Rc7 26. a3 Qxc4 27. Qxc4 bxc4
28. Ne3 Nd3 29. Re2 Rd8 30. Kg1 Ba4 31. Rdd2 g6 32. Bf1 Kg7 33. Nxc4 Rxc4 34.
Re3 Bb5 35. Rdxd3 Rxd3 36. Bxd3 Rc1+ 37. Kf2 Bxd3 38. Rxd3 Rc2+ 39. Kg1 Rxb2 1/2-1/2

[Event "World Youth Open U18 2016"]
[Site "Khanty-Mansiysk RUS"]
[Date "2016.10.01"]
[Round "9.18"]
[White "Escalante Ramirez, Brian Sebasti"]
[Black "Akhvlediani, Irakli"]
[Result "1-0"]
[WhiteTitle "FM"]
[WhiteElo "2302"]
[BlackElo "2205"]
[WhiteFideId "3819566"]
[BlackFideId "13601938"]
[EventDate "2016.09.22"]

1. e4 c6 2. Nc3 d5 3. Nf3 Bg4 4. h3 Bxf3 5. Qxf3 e6 6. a3 Nf6 7. d3 Qa5 8. Bd2
Qb6 9. O-O-O d4 10. Ne2 c5 11. g4 Nc6 12. g5 Nd7 13. Qg3 Qa6 14. f4 b5 15. e5 c4
16. dxc4 bxc4 17. Bg2 c3 18. Nxc3 dxc3 19. Bxc3 g6 20. h4 O-O-O 21. Qf3 Kc7 22.
Qxc6+ Qxc6 23. Bxc6 Kxc6 24. Ba5 Rc8 25. Rh3 Nb6 26. Bxb6 Kxb6 27. Rd7 Rc7 28.
Rb3+ Kc6 29. Rd8 Bg7 30. Rd6+ Kc5 31. Rc3+ 1-0

[Event "World Youth Open U18 2016"]
[Site "Khanty-Mansiysk RUS"]
[Date "2016.10.01"]
[Round "9.19"]
[White "Georgiev, Todor"]
[Black "Bayramov, Zaur"]
[Result "1/2-1/2"]
[WhiteElo "2197"]
[BlackElo "2297"]
[WhiteFideId "2916088"]
[BlackFideId "13405080"]
[EventDate "2016.09.22"]

1. d4 Nf6 2. c4 e6 3. Nf3 Bb4+ 4. Bd2 c5 5. g3 Nc6 6. Bxb4 cxb4 7. Bg2 d5 8.
Nbd2 O-O 9. O-O b6 10. a3 bxa3 11. Rxa3 Bb7 12. e3 Qd6 13. Qb1 Rfc8 14. Rc1 Qd8
15. b4 dxc4 16. Nxc4 Qe7 17. Rb3 Nd5 18. b5 Na5 19. Nxa5 bxa5 20. Ne5 a4 21. Rb2
Nc3 22. Qa1 a3 23. Rbc2 Nxb5 24. Bxb7 Qxb7 25. Nc4 Qe7 26. Nxa3 Rxc2 27. Nxc2 h5
28. Qa6 1/2-1/2

[Event "World Youth Open U18 2016"]
[Site "Khanty-Mansiysk RUS"]
[Date "2016.10.01"]
[Round "9.20"]
[White "Oner, Oguz"]
[Black "Meunier, Clement2"]
[Result "0-1"]
[BlackTitle "FM"]
[WhiteElo "1962"]
[BlackElo "2290"]
[WhiteFideId "6329330"]
[BlackFideId "20667930"]
[EventDate "2016.09.22"]

1. Nf3 Nf6 2. g3 b5 3. Bg2 Bb7 4. Na3 a6 5. c4 b4 6. Nc2 e5 7. O-O e4 8. Nfd4 c5
9. Nb3 a5 10. d4 Na6 11. dxc5 Nxc5 12. Nxc5 Bxc5 13. Be3 d6 14. Nd4 O-O 15. Rc1
Qb6 16. Nf5 Rfe8 17. Qd2 Rad8 18. Bh6 g6 19. Qf4 d5 20. Qh4 Re5 21. cxd5 Rxf5
22. Rxc5 Qxc5 23. Bxe4 Rdxd5 24. Bxf5 Rxf5 25. e4 Bxe4 26. g4 g5 27. Qg3 Rf4 28.
h3 Bf3 29. Re1 Ne4 0-1

[Event "World Youth Open U18 2016"]
[Site "Khanty-Mansiysk RUS"]
[Date "2016.10.01"]
[Round "9.21"]
[White "Sadubayev, Airat"]
[Black "Thybo, Jesper Sondergaard"]
[Result "0-1"]
[BlackTitle "FM"]
[WhiteElo "2231"]
[BlackElo "2358"]
[WhiteFideId "13713264"]
[BlackFideId "1438832"]
[EventDate "2016.09.22"]

1. e4 c5 2. Nf3 d6 3. d4 cxd4 4. Nxd4 Nf6 5. Nc3 g6 6. Be3 Bg7 7. f3 Nc6 8. Qd2
O-O 9. g4 Be6 10. O-O-O Qa5 11. Nxe6 fxe6 12. Bc4 Nd8 13. Nb1 Qc7 14. Na3 a6 15.
Kb1 b5 16. Bb3 Nd7 17. Rhf1 Nc5 18. f4 Nxe4 19. Bxe6+ Nxe6 20. Qd5 Nc3+ 21. bxc3
Qxc3 22. Qxe6+ Kh8 23. Kc1 Qxa3+ 24. Kd2 Rac8 25. Qb3 0-1

[Event "World Youth Open U18 2016"]
[Site "Khanty-Mansiysk RUS"]
[Date "2016.10.01"]
[Round "9.22"]
[White "Sukovic, Andrej"]
[Black "Gretz, Denis"]
[Result "1/2-1/2"]
[WhiteElo "2114"]
[BlackElo "2339"]
[WhiteFideId "16502310"]
[BlackFideId "12945188"]
[EventDate "2016.09.22"]

1. e4 c5 2. Nf3 Nc6 3. d4 cxd4 4. Nxd4 Nf6 5. Nc3 e5 6. Ndb5 d6 7. a4 a6 8. Na3
Bg4 9. Be2 Bxe2 10. Qxe2 d5 11. exd5 Nxd5 12. O-O Nxc3 13. bxc3 Bc5 14. Be3 Qe7
15. Nc4 O-O 16. Rab1 Bxe3 17. Qxe3 Rad8 18. Nb6 Qc7 19. c4 Nd4 20. c3 Ne6 21.
Rb4 Qc5 22. Qxc5 Nxc5 23. Nd5 f6 24. a5 Rfe8 25. Rd1 Kf7 26. g3 g6 27. Rb6 Kg7
28. Rxf6 Rxd5 29. Rxd5 Kxf6 30. Rxc5 Ke6 1/2-1/2

[Event "World Youth Open U18 2016"]
[Site "Khanty-Mansiysk RUS"]
[Date "2016.10.01"]
[Round "9.23"]
[White "Gong, Patrick"]
[Black "Kandil, Adham"]
[Result "0-1"]
[BlackTitle "IM"]
[WhiteElo "2143"]
[BlackElo "2277"]
[WhiteFideId "3222500"]
[BlackFideId "10618490"]
[EventDate "2016.09.22"]

1. e4 c5 2. c3 d5 3. exd5 Qxd5 4. d4 Nc6 5. Nf3 Bf5 6. dxc5 Qxd1+ 7. Kxd1 O-O-O+
8. Ke1 e5 9. b4 Nf6 10. Bb5 Be7 11. Na3 Nd5 12. Bxc6 bxc6 13. Bd2 Rhe8 14. Nc4
Nf4 15. Ne3 Be4 16. Rg1 Bf6 17. Nc4 Nd3+ 18. Ke2 Nxc5 19. Nd6+ Rxd6 20. bxc5
Bd3+ 21. Ke3 Rd5 22. g4 Be7 23. Nd4 exd4+ 24. Kxd3 dxc3+ 0-1

[Event "World Youth Open U18 2016"]
[Site "Khanty-Mansiysk RUS"]
[Date "2016.10.01"]
[Round "9.24"]
[White "Ding, Tze How Dilwen"]
[Black "Krykun, Yuriy"]
[Result "1/2-1/2"]
[WhiteTitle "FM"]
[BlackTitle "FM"]
[WhiteElo "2397"]
[BlackElo "2242"]
[WhiteFideId "5707641"]
[BlackFideId "14140667"]
[EventDate "2016.09.22"]

1. d4 Nf6 2. Nf3 g6 3. c4 Bg7 4. g3 O-O 5. Bg2 d5 6. cxd5 Nxd5 7. O-O Nc6 8. Nc3
Nb6 9. d5 Na5 10. Qc2 c6 11. dxc6 Nxc6 12. Rd1 Bf5 13. e4 Bd7 14. Bf4 Rc8 15. e5
Qe8 16. Qe2 h6 17. Rac1 Bg4 18. h3 Bxf3 19. Bxf3 g5 20. Be3 Bxe5 21. Bxb6 Bxc3
22. Bxc6 bxc6 23. Bxa7 Bf6 24. Bd4 Bxd4 25. Rxd4 c5 26. Rd5 Qa4 27. a3 Qa7 28.
Qh5 Qb6 29. Rc2 1/2-1/2

[Event "World Youth Open U18 2016"]
[Site "Khanty-Mansiysk RUS"]
[Date "2016.10.01"]
[Round "9.25"]
[White "Krishna Teja, N"]
[Black "Khusenkhojaev, Mustafokhuja"]
[Result "1-0"]
[WhiteTitle "IM"]
[WhiteElo "2268"]
[BlackElo "2212"]
[WhiteFideId "5001498"]
[BlackFideId "14700727"]
[EventDate "2016.09.22"]

1. Nf3 Nf6 2. c4 g6 3. Nc3 d5 4. cxd5 Nxd5 5. d3 Bg7 6. Bd2 O-O 7. Qc1 Bg4 8.
Bh6 Nc6 9. h4 Nxc3 10. bxc3 Bxh6 11. Qxh6 f6 12. h5 gxh5 13. Nh2 Rf7 14. f3 Be6
15. e4 Qd6 16. Be2 Qg3+ 17. Kd2 Rd8 18. Nf1 Qd6 19. Ne3 Na5 20. d4 Qa3 21. Nc2
Qa4 22. Rxh5 c6 23. g4 Rg7 24. Qf4 b6 25. Qc7 Rc8 26. Qh2 Bf7 27. Rh6 c5 28. d5
Qd7 29. Rh1 Bg6 30. Ne3 e6 31. Ke1 e5 32. g5 f5 33. exf5 Bxf5 34. Qxe5 Re8 35.
Qxf5 Rxe3 36. Qxd7 Rxd7 37. g6 Rxc3 38. gxh7+ Kh8 39. Re6 Rd8 40. d6 Rc1+ 41.
Bd1 Rc4 42. d7 Rf4 43. Re8+ Rf8 44. Ba4 a6 45. Kf2 b5 46. Rhe1 1-0

[Event "World Youth Open U18 2016"]
[Site "Khanty-Mansiysk RUS"]
[Date "2016.10.01"]
[Round "9.26"]
[White "Patrascu, Catalin-Lucian"]
[Black "Holtman, Teodor"]
[Result "1-0"]
[WhiteTitle "FM"]
[WhiteElo "2263"]
[BlackElo "2201"]
[WhiteFideId "1229052"]
[BlackFideId "14933721"]
[EventDate "2016.09.22"]

1. e4 c6 2. d4 Na6 3. Nd2 Nc7 4. Bd3 d5 5. e5 g6 6. Ne2 Nh6 7. Ng3 Bg7 8. O-O
O-O 9. f4 Bg4 10. Qe1 e6 11. h3 Bf5 12. Nxf5 exf5 13. Nf3 b6 14. Be3 f6 15. Bf2
fxe5 16. dxe5 Ne6 17. Qd2 Qd7 18. b4 Nf7 19. a4 Bh6 20. g3 Rfd8 21. Rad1 c5 22.
bxc5 bxc5 23. Qa5 Qc6 24. Bb5 Qb6 25. Qxb6 axb6 26. Bc6 Nc7 27. Bxa8 Rxa8 28.
Rb1 Ra6 29. a5 Rxa5 30. Rxb6 Nd8 31. Rb8 Ne6 32. Rd1 Bf8 33. Rxd5 1-0

[Event "World Youth Open U18 2016"]
[Site "Khanty-Mansiysk RUS"]
[Date "2016.10.01"]
[Round "9.27"]
[White "Barp, Alberto"]
[Black "Petrovskis, Olegs"]
[Result "1/2-1/2"]
[WhiteTitle "FM"]
[WhiteElo "2244"]
[BlackElo "2159"]
[WhiteFideId "872555"]
[BlackFideId "11603186"]
[EventDate "2016.09.22"]

1. c4 Nf6 2. Nf3 c5 3. g3 g6 4. b3 Bg7 5. Bb2 b6 6. Bg2 Bb7 7. O-O O-O 8. d4
cxd4 9. Qxd4 Nc6 10. Qd3 Qc7 11. Nc3 Rad8 12. Rac1 Qb8 13. Qd2 Ne5 14. Nxe5 Bxg2
15. Nxg6 fxg6 16. Kxg2 e6 17. e4 Qe5 18. Rfe1 Qh5 19. h4 Ng4 20. Nd1 Nxf2 21.
Qe2 Nxd1 22. Rcxd1 Bxb2 23. Qxb2 Rf7 24. Qe2 Qe5 25. Rf1 Rdf8 26. Rxf7 Rxf7 27.
Kh3 h6 28. Re1 Rg7 29. Qd2 Qc5 30. Qc3 Rf7 31. Qe3 Qe5 32. Qd3 Kg7 33. Qd2 1/2-1/2

[Event "World Youth Open U18 2016"]
[Site "Khanty-Mansiysk RUS"]
[Date "2016.10.01"]
[Round "9.28"]
[White "Helander, Benjamin"]
[Black "Ramacker, Quinten"]
[Result "1-0"]
[WhiteElo "1892"]
[BlackElo "1947"]
[WhiteFideId "514101"]
[BlackFideId "210404"]
[EventDate "2016.09.22"]

1. e4 c5 2. Nf3 e6 3. d4 cxd4 4. Nxd4 Nc6 5. Nc3 a6 6. Be3 Qc7 7. Be2 Nf6 8. O-O
Bb4 9. Na4 Be7 10. Nxc6 bxc6 11. Nb6 Rb8 12. Nxc8 Qxc8 13. e5 Nd5 14. Bc1 c5 15.
c3 Qc7 16. f4 O-O 17. Bf3 Nb6 18. Be4 d5 19. exd6 Qxd6 20. Qc2 f5 21. Bf3 Bf6
22. Rd1 Qe7 23. a4 Rfd8 24. Rxd8+ Rxd8 25. Qe2 e5 26. fxe5 Qxe5 27. a5 Nd5 28.
Qxe5 Bxe5 29. Bg5 Rd6 30. Rd1 Nc7 31. Re1 Re6 32. Be2 Kf8 33. g3 Ke8 34. Kf2 Kd7
35. Bf3 Bd6 36. Rd1 h6 37. Be3 Ke7 38. Bb7 g5 39. Kf3 Rf6 40. Bf2 g4+ 41. Kg2 f4
42. gxf4 Rf8 43. Bc6 Ne6 44. Bh4+ 1-0

[Event "World Youth Open U18 2016"]
[Site "Khanty-Mansiysk RUS"]
[Date "2016.10.01"]
[Round "9.29"]
[White "Maltezeanu, Stefan"]
[Black "Kenenbaev, Aidar"]
[Result "1/2-1/2"]
[WhiteElo "1734"]
[BlackElo "2143"]
[WhiteFideId "4004655"]
[BlackFideId "13801180"]
[EventDate "2016.09.22"]

1. e4 c5 2. Nf3 d6 3. Bb5+ Nd7 4. d4 a6 5. Be2 cxd4 6. Qxd4 e5 7. Qd1 Ngf6 8.
Nc3 Be7 9. O-O O-O 10. Be3 b5 11. Qd3 Bb7 12. a3 Rc8 13. Nd2 Qc7 14. Rac1 Nb6
15. Bxb6 Qxb6 16. Kh1 Rfd8 17. Qg3 Qc7 18. Bg4 Nxg4 19. Qxg4 d5 20. Nxd5 Bxd5
21. exd5 Rxd5 22. Nb3 g6 23. Qf3 Rcd8 24. Na1 f5 25. Rfd1 e4 26. Qe2 Qc4 27. Qe1
Bf6 28. Rxd5 Qxd5 29. Rb1 f4 30. Nb3 f3 31. Kg1 Be5 32. g3 h5 33. h4 Bc7 34. Qe3
Qe6 35. Kh2 Bb6 36. Qe1 e3 37. fxe3 Qxe3 38. Qxe3 Bxe3 39. Rf1 f2 40. Kg2 Bb6
41. c3 Kg7 42. Nd4 Bxd4 43. cxd4 Rxd4 44. Rxf2 1/2-1/2

[Event "World Youth Open U18 2016"]
[Site "Khanty-Mansiysk RUS"]
[Date "2016.10.01"]
[Round "9.30"]
[White "Shih, Yu-An"]
[Black "Weerasinghe, C C"]
[Result "1/2-1/2"]
[WhiteElo "1493"]
[BlackElo "1884"]
[WhiteFideId "16300645"]
[BlackFideId "9921087"]
[EventDate "2016.09.22"]

1. e4 c5 2. Nc3 Nc6 3. f4 g6 4. Nf3 Bg7 5. Bc4 e6 6. d3 Nge7 7. O-O O-O 8. Qe1
d5 9. Bb3 Nd4 10. Nxd4 cxd4 11. Ne2 dxe4 12. dxe4 a5 13. Ng3 a4 14. Bc4 a3 15.
e5 d3 16. cxd3 b5 17. Bb3 Qxd3 18. bxa3 Nd5 19. Bb2 Qe3+ 20. Qxe3 Nxe3 21. Rfe1
Nc4 22. Bc3 Nb6 23. Ne4 Bb7 24. Nd6 Bc6 25. Bd4 Nd5 26. Rac1 Bd7 27. Bxd5 exd5
28. Bc5 Rfd8 29. Bb4 Be6 30. Rc7 Rf8 31. Rec1 1/2-1/2

[Event "World Youth Open U18 2016"]
[Site "Khanty-Mansiysk RUS"]
[Date "2016.10.01"]
[Round "9.32"]
[White "Yoshida, Haruki"]
[Black "Noguchi, Takaya"]
[Result "1-0"]
[WhiteElo "1750"]
[BlackElo "1491"]
[WhiteFideId "7002076"]
[BlackFideId "7002270"]
[EventDate "2016.09.22"]

1. e4 c6 2. d4 d5 3. Nc3 dxe4 4. Nxe4 Bf5 5. Ng3 Bg6 6. h4 h6 7. Nf3 Nd7 8. h5
Bh7 9. Bd3 Bxd3 10. Qxd3 e6 11. Bd2 Ndf6 12. O-O-O Be7 13. Ne4 Nxe4 14. Qxe4 Nf6
15. Qd3 Qd5 16. c4 Qe4 17. Qb3 c5 18. Rde1 Qc6 19. Ne5 Qa6 20. d5 exd5 21. cxd5
O-O 22. Ng6 fxg6 23. Rxe7 c4 24. Qh3 gxh5 25. Bc3 Rf7 26. Rhe1 Nxd5 27. Rxf7
Kxf7 28. Qd7+ Kg8 1-0

[Event "World Youth Open U18 2016"]
[Site "Khanty-Mansiysk RUS"]
[Date "2016.10.02"]
[Round "10.1"]
[White "Vavulin, Maksim"]
[Black "Lorparizangeneh, Shahin"]
[Result "1/2-1/2"]
[WhiteTitle "IM"]
[BlackTitle "IM"]
[WhiteElo "2582"]
[BlackElo "2478"]
[WhiteFideId "4169530"]
[BlackFideId "12521604"]
[EventDate "2016.09.22"]

1. e4 e5 2. Nf3 Nc6 3. d4 exd4 4. Nxd4 Nf6 5. Nxc6 bxc6 6. e5 Qe7 7. Qe2 Nd5 8.
c4 Ba6 9. b3 g6 10. f4 d6 11. Qf2 Nf6 12. Be2 dxe5 13. Ba3 Qe6 14. fxe5 Bxa3 15.
Nxa3 Nd7 16. O-O O-O 17. Rad1 Nxe5 18. Nb1 c5 19. Nc3 Bb7 20. Qxc5 Qb6 21. Na4
Qc6 22. Rf2 Rfe8 23. Qa5 Re7 24. h3 h5 25. Bf1 a6 26. Nc3 Qb6 27. Qxb6 cxb6 28.
Rd6 Bc6 29. Rff6 Rc8 30. Nd5 Bxd5 31. Rxd5 Nd7 32. Rfd6 Rc7 33. g4 hxg4 34. hxg4
f6 35. g5 Kg7 36. Bd3 f5 37. Kf2 Rb7 38. Be2 Ne5 39. c5 bxc5 40. Rxc5 Nf7 41.
Rxa6 Nxg5 42. Rcc6 Nh3+ 43. Kg3 Rxe2 44. Rxg6+ Kf7 45. Rgf6+ Ke7 46. Kxh3 Rxa2
47. Rfe6+ Kf7 48. Rf6+ 1/2-1/2

[Event "World Youth Open U18 2016"]
[Site "Khanty-Mansiysk RUS"]
[Date "2016.10.02"]
[Round "10.2"]
[White "Petrosyan, Manuel"]
[Black "Dragnev, Valentin"]
[Result "1-0"]
[WhiteTitle "IM"]
[BlackTitle "IM"]
[WhiteElo "2530"]
[BlackElo "2430"]
[WhiteFideId "13300857"]
[BlackFideId "1634852"]
[EventDate "2016.09.22"]

1. d4 Nf6 2. c4 e6 3. Nf3 d5 4. Nc3 Be7 5. g3 dxc4 6. Bg2 O-O 7. Ne5 Qd6 8. Nxc4
Qa6 9. b3 Rd8 10. O-O c5 11. a4 Bd7 12. dxc5 Bc6 13. Qc2 Bxg2 14. Kxg2 Bxc5 15.
Bg5 Nbd7 16. Ne4 Be7 17. Nxf6+ Bxf6 18. Bxf6 Nxf6 19. e4 h6 20. Rfd1 Rxd1 21.
Rxd1 Qc6 22. f3 b5 23. axb5 Qxb5 24. Nd6 Qa5 25. Nc8 e5 26. Qc4 Rb8 27. Ne7+ Kf8
28. Nc6 Qa2+ 29. Kh3 Re8 30. Nd8 Re7 31. Nxf7 Rxf7 32. Rd8+ Ne8 33. Qc5+ Kg8 34.
Qxe5 Rxf3 35. Qxe8+ Kh7 36. Qg8+ Kg6 37. Rd6+ Rf6 38. Rd7 1-0

[Event "World Youth Open U18 2016"]
[Site "Khanty-Mansiysk RUS"]
[Date "2016.10.02"]
[Round "10.3"]
[White "Sanal, Vahap"]
[Black "Kollars, Dmitrij"]
[Result "1/2-1/2"]
[WhiteTitle "IM"]
[BlackTitle "IM"]
[WhiteElo "2477"]
[BlackElo "2491"]
[WhiteFideId "6300545"]
[BlackFideId "12909572"]
[EventDate "2016.09.22"]

1. e4 e5 2. Nf3 Nc6 3. Bb5 a6 4. Ba4 Nf6 5. O-O Bc5 6. Nc3 b5 7. Bb3 d6 8. Nd5
Rb8 9. d4 Nxd4 10. Nxd4 Bxd4 11. Bg5 Be6 12. Bxf6 gxf6 13. Nb4 Rb6 14. c3 Bc5
15. Nd3 Bc4 16. Qh5 Qd7 17. Rad1 Qe6 18. Nxc5 dxc5 19. f4 Bxb3 20. axb3 Rd6 21.
fxe5 Qxe5 22. Qg4 Ke7 23. Rde1 Qg5 24. Qh3 Re6 25. Rf5 Qd2 26. Ref1 Rd8 27. Rxc5
c6 28. Rcf5 Rd3 29. Qxh7 Qe3+ 30. Kh1 Qxe4 31. h3 Rg3 32. R1f2 Rg5 33. Kh2 Rd6
34. h4 Rxf5 35. Qxf5 Qxh4+ 36. Kg1 Rd1+ 37. Rf1 Rxf1+ 38. Kxf1 Qg5 39. Qe4+ Kd7
40. Qd4+ Kc8 41. Kg1 Qc1+ 42. Kh2 Qh6+ 43. Kg1 f5 44. Qb6 Qc1+ 45. Kh2 Qh6+ 46.
Kg1 Qc1+ 47. Kh2 1/2-1/2

[Event "World Youth Open U18 2016"]
[Site "Khanty-Mansiysk RUS"]
[Date "2016.10.02"]
[Round "10.4"]
[White "Rakotomaharo, Fy Antenaina"]
[Black "Song, Michael"]
[Result "1-0"]
[WhiteTitle "FM"]
[BlackTitle "FM"]
[WhiteElo "2439"]
[BlackElo "2413"]
[WhiteFideId "13100050"]
[BlackFideId "2613190"]
[EventDate "2016.09.22"]

1. d4 Nf6 2. c4 c5 3. d5 e6 4. Nc3 exd5 5. cxd5 d6 6. e4 g6 7. Nge2 Bg7 8. Ng3
a6 9. a4 O-O 10. Be2 Ne8 11. h4 h5 12. Bg5 Bf6 13. Qd2 Nd7 14. Nf1 Ng7 15. Bxf6
Qxf6 16. Qg5 Qd4 17. Ne3 Qb4 18. O-O Qxb2 19. Rfc1 Ne5 20. f4 Nd3 21. Nc4 Qxc1+
22. Rxc1 Nxc1 23. Bf1 b5 24. Nxd6 f6 25. Qxg6 b4 26. Nb1 Bg4 27. Bc4 Be2 28. Kf2
Bxc4 29. Nxc4 Na2 30. a5 Nc3 31. Nxc3 bxc3 32. Ke2 Rab8 33. Nb6 c4 34. Kd1 Rf7
35. Kc2 Re8 36. d6 Kf8 37. Qh7 Ne6 38. Qh8# 1-0

[Event "World Youth Open U18 2016"]
[Site "Khanty-Mansiysk RUS"]
[Date "2016.10.02"]
[Round "10.5"]
[White "Toma, Radu-Cristian"]
[Black "Jarmula, Lukasz"]
[Result "1/2-1/2"]
[BlackTitle "IM"]
[WhiteElo "2343"]
[BlackElo "2466"]
[WhiteFideId "1217992"]
[BlackFideId "1160664"]
[EventDate "2016.09.22"]

1. d4 Nf6 2. Nf3 e6 3. g3 c5 4. Bg2 cxd4 5. Nxd4 d5 6. O-O e5 7. Nb3 Be6 8. c4
Nc6 9. cxd5 Bxd5 10. Nc3 Bxg2 11. Kxg2 Be7 12. Qxd8+ Rxd8 13. Bg5 Nd5 14. Nxd5
Rxd5 15. e4 Rb5 16. Be3 a5 17. Rfc1 O-O 18. Rc4 Ra8 19. Bc5 a4 20. Bxe7 axb3 21.
Ba3 bxa2 22. Rxa2 Rd8 23. Ra1 g5 24. Rac1 h5 25. Rc5 Rxc5 26. Rxc5 f6 27. h3 Kf7
28. g4 hxg4 29. hxg4 Rd4 30. Kf3 Rd3+ 31. Ke2 Rh3 32. Rd5 Ke8 33. Rd6 Nd4+ 34.
Kf1 Rf3 35. Rb6 1/2-1/2

[Event "World Youth Open U18 2016"]
[Site "Khanty-Mansiysk RUS"]
[Date "2016.10.02"]
[Round "10.6"]
[White "Bellahcene, Bilel"]
[Black "Marek, Matyas"]
[Result "1-0"]
[WhiteTitle "IM"]
[BlackTitle "FM"]
[WhiteElo "2483"]
[BlackElo "2381"]
[WhiteFideId "696358"]
[BlackFideId "335398"]
[EventDate "2016.09.22"]

1. e4 c5 2. Nf3 d6 3. d4 cxd4 4. Nxd4 Nf6 5. Nc3 Nc6 6. Bc4 e6 7. Be3 Be7 8. Qe2
a6 9. O-O-O b5 10. Bb3 Na5 11. g4 b4 12. g5 bxc3 13. gxf6 cxb2+ 14. Kb1 Ra7 15.
f4 e5 16. fxe5 dxe5 17. Nf5 Qc7 18. Nxe7 gxf6 19. Nd5 Qb8 20. Nxf6+ Kf8 1-0

[Event "World Youth Open U18 2016"]
[Site "Khanty-Mansiysk RUS"]
[Date "2016.10.02"]
[Round "10.7"]
[White "Rahman, Adel"]
[Black "Hakobyan, Aram"]
[Result "1/2-1/2"]
[WhiteTitle "FM"]
[BlackTitle "FM"]
[WhiteElo "2324"]
[BlackElo "2417"]
[WhiteFideId "14204177"]
[BlackFideId "13306677"]
[EventDate "2016.09.22"]

1. d4 Nf6 2. c4 e6 3. g3 c5 4. d5 exd5 5. cxd5 d6 6. Nc3 g6 7. Nf3 Bg7 8. Bg2 a6
9. a4 O-O 10. O-O Nbd7 11. Bf4 Qe7 12. Rb1 Nh5 13. Bg5 f6 14. Bd2 f5 15. Ng5
Ndf6 16. b4 c4 17. b5 axb5 18. Nxb5 f4 19. gxf4 Ng4 20. e3 Nxe3 1/2-1/2

[Event "World Youth Open U18 2016"]
[Site "Khanty-Mansiysk RUS"]
[Date "2016.10.02"]
[Round "10.8"]
[White "Kalogeris, Ioannis"]
[Black "Vogel, Roven"]
[Result "1-0"]
[BlackTitle "IM"]
[WhiteElo "2271"]
[BlackElo "2415"]
[WhiteFideId "4239563"]
[BlackFideId "12908088"]
[EventDate "2016.09.22"]

1. Nf3 Nf6 2. c4 g6 3. Nc3 Bg7 4. g3 O-O 5. Bg2 d6 6. d4 c6 7. O-O Qa5 8. e4 Qh5
9. Nh4 Na6 10. Qxh5 Nxh5 11. Bg5 Re8 12. Rad1 Nf6 13. h3 Nd7 14. Rd2 Nc7 15. Rc1
Rb8 16. b4 a5 17. a3 axb4 18. axb4 b6 19. Nf3 h6 20. Be3 c5 21. Nd5 Ne6 22. h4
Ra8 23. e5 Ra3 24. exd6 exd6 25. dxc5 bxc5 26. b5 Bb7 27. Nf4 Nxf4 28. gxf4 Bf8
29. Ne5 Nxe5 30. Bxb7 Ng4 31. Bc6 Rb8 32. Re2 f5 33. Rb1 Rb6 34. Bc1 Ra7 35.
Bd5+ Kh7 36. Bb2 Bg7 37. Bxg7 Kxg7 38. Rbe1 Nf6 39. Re7+ Rxe7 40. Rxe7+ Kh8 41.
Bc6 d5 42. Rf7 Ne4 43. Bxd5 Nc3 44. Bf3 h5 45. Rc7 Nxb5 46. cxb5 Rxb5 47. Kg2
Rb4 48. Kg3 Rc4 49. Bd5 Rc1 50. Kg2 Rc3 51. Bc6 Rd3 52. Be8 Rd4 53. Bxg6 Rxf4
54. f3 Rxh4 55. Rxc5 Kg7 56. Bxf5 Ra4 57. Kg3 Kh6 58. Be4 Ra1 59. Rc6+ 1-0

[Event "World Youth Open U18 2016"]
[Site "Khanty-Mansiysk RUS"]
[Date "2016.10.02"]
[Round "10.9"]
[White "Mousavi, Seyed Khalil"]
[Black "Zakaryan, David"]
[Result "1-0"]
[WhiteTitle "IM"]
[BlackTitle "FM"]
[WhiteElo "2412"]
[BlackElo "2377"]
[WhiteFideId "12511099"]
[BlackFideId "24101923"]
[EventDate "2016.09.22"]

1. c4 e5 2. Nc3 Nf6 3. Nf3 Nc6 4. e3 Bb4 5. Qc2 O-O 6. Nd5 Re8 7. a3 Bf8 8. Bd3
h6 9. h4 d6 10. Nxf6+ Qxf6 11. Be4 Ne7 12. b4 Bf5 13. Bb2 Qg6 14. Bxf5 Nxf5 15.
O-O-O e4 16. Ne1 a5 17. h5 Qg5 18. d3 axb4 19. axb4 exd3 20. Nxd3 Qxg2 21. Nf4
Qe4 22. Nd5 Rac8 23. Rhg1 Kh8 24. Qc3 Re5 25. Qb3 Re6 26. f3 Qxf3 27. Rdf1 Qh3
28. Qd3 c6 29. Rxf5 cxd5 30. Rxf7 Kg8 31. Rxb7 dxc4 32. Bxg7 cxd3+ 33. Bc3+ Rg6
34. Rxg6+ Bg7 35. Rbxg7+ Kf8 36. Rg8+ Kf7 37. R6g7+ Ke6 38. Rxc8 Qf1+ 39. Kb2
Qe2+ 40. Ka3 d2 41. Re8+ Kd5 42. e4+ Kc4 43. Rc8+ Kb5 44. Rb7+ Ka6 45. Rcb8 d1=Q
46. b5+ Qxb5 47. Rxb5 Qc1+ 48. Bb2 Qe3+ 49. Rb3 1-0